| Tag |
First Indicator |
Second Indicator |
Subfields |
| LEADER |
00000cam a2200000 a 4500 |
| 001 |
in00000864607 |
| 005 |
20151019093801.0 |
| 008 |
870801s1987 dcu b f00010 eng d |
| 010 |
|
|
|a gp 87017108
|
| 035 |
|
|
|a (OCoLC)16395741
|
| 035 |
|
|
|9 AEG4742AM
|
| 040 |
|
|
|a VVJ
|c VVJ
|d GPO
|d UtOrBLW
|
| 043 |
|
|
|a n-us---
|
| 074 |
|
|
|a 718-A-3
|
| 086 |
0 |
|
|a J 28.24:C 86/4
|
| 090 |
|
|
|a KF9223.Z9
|b M67 1987
|
| 100 |
1 |
|
|a Morris, Norval,
|d 1923-2004.
|
| 245 |
1 |
0 |
|a Predictions of dangerousness in the criminal law /
|c Norval Morris and Marc Miller.
|
| 264 |
|
1 |
|a [Washington, D.C.] :
|b U.S. Dept. of Justice, National Institute of Justice,
|c [1987]
|
| 300 |
|
|
|a 7 pages ;
|c 28 cm.
|
| 336 |
|
|
|a text
|b txt
|2 rdacontent
|
| 337 |
|
|
|a unmediated
|b n
|2 rdamedia
|
| 338 |
|
|
|a volume
|b nc
|2 rdacarrier
|
| 490 |
1 |
|
|a Research in brief
|
| 500 |
|
|
|a Caption title.
|
| 500 |
|
|
|a Shipping list number: 87-281-P.
|
| 500 |
|
|
|a "March 1987."
|
| 504 |
|
|
|a Bibliography: page 7.
|
| 650 |
|
0 |
|a Criminal justice, Administration of
|z United States.
|
| 650 |
|
0 |
|a Criminal behavior, Prediction of.
|
| 650 |
|
0 |
|a Violence
|z United States
|x Forecasting.
|
| 700 |
1 |
|
|a Miller, Marc L.
|q (Marc Louis),
|d 1959-
|
| 710 |
2 |
|
|a National Institute of Justice (U.S.)
|
| 830 |
|
0 |
|a Research in brief.
|
| 999 |
|
|
|a MARS
|
| 999 |
f |
f |
|s 2e77efe4-f743-39af-808a-450c936eeaf7
|i dd9e5c1e-909a-3eb2-9dcf-066a5dbec236
|t 0
|
| 952 |
f |
f |
|p normal
|a Texas A&M University
|b College Station
|c Sterling C. Evans Library
|d Evans: US Documents (Annex 5th floor)
|t 0
|e J 28.24:C 86/4
|h Superintendent of Documents classification
|i unmediated -- volume
|m A14814583986
|
| 998 |
f |
f |
|a J 28.24:C 86/4
|t 0
|l Evans: US Documents (Annex 5th floor)
|